LEADER 01705nam a2200325 4500 001 991003821329707536 008 941019s1985 it aef 000 0 ita 035 $ab14393025-39ule_inst 040 $aBibl. Dip.le Aggr. Beni Culturali - Sez. Beni Culturali$bita 245 00$aArcheologia urbana a Roma :$bil progetto della Crypta Balbi.$n3,$pIl giardino del Conservatorio di S. Caterina della Rosa /$ca cura di Daniele Manacorda ; testi di Valeria Bartoloni ... [et al.] ; documentazione grafica di Matilde Cante ... [et al.] ; fotografie di Maurizio Necci. 260 $aFirenze :$bAll'Insegna del Giglio,$c1985 300 $a2 v. (633 p.) :$bill. ;$c29 cm. 490 1 $aBiblioteca di archeologia medievale ;$v4, 1-2. 600 14$aBalbus, Lucius Cornelius 610 24$aTeatro di Balbo (Roma) 610 24$aSanta Caterina de' Funari (chiesa : Roma) 650 4$aScavi (Archeologia)$zItalia$zRoma. 700 1 $aManacorda, Daniele,$d1949- 700 1 $aBartoloni, Valeria 700 1 $aCante, Matilde 700 1 $aNecci, Maurizio 740 3 $aIl giardino del Conservatorio di S. Caterina della Rosa 830 0$aBiblioteca di archeologia medievale ;$v4, 1-2 907 $a.b14393025$b22-06-20$c22-06-20 912 $a991003821329707536 945 $aLE001 AR VIII 13 C.2 4°$cv. 4$g1$i2001000200078$lle001$nVOLUME INSERITO IN DATA 22/06/2020 reperito non catalogato in sala.$op$pE30.00$q $rn$s- $t18$u0$v0$w0$x0$y.i15929693$z22-06-20 945 $aLE001 AR VIII 13 C.1 4°$cv. 4$g1$i2001000200061$lle001$op$pE30.00$q $rn$s- $t18$u0$v0$w0$x0$y.i1592970x$z22-06-20 996 $aArcheologia urbana a Roma$9552170 997 $aUNISALENTO 998 $ale001$b22-06-20$cm$da $e-$fita$git $h0$i0 LEADER 01258nam0 22002771i 450 001 UON00124951 005 20231205102732.492 100 $a20020107d1891 |0itac50 ba 101 $aeng 102 $aIN 105 $a|||| 1|||| 200 1 $aˆA ‰text book on the Balochi Language, consisting of miscellaneous stories, legend, poems, and a Balochi-english vocabulary$fM. Longworth Dames 210 $aLahore$cPunjab Government Press$d1891 215 $a1 v.$d34 cm 606 $aLetteratura baluchi$xAntologie$3UONC015966$2FI 606 $aLetteratura baluchi- Poesia$3UONC001657$2FI 620 $aPK$dLahore$3UONL000599 686 $aSI VI G$cSUBCONT. INDIANO - LETTERATURA BALUCHI$2A 700 1$aDAMES$bM. Longworth$3UONV020645$0645069 712 $aPunjab Government Press$3UONV251101$4650 801 $aIT$bSOL$c20251024$gRICA 899 $aSIBA - SISTEMA BIBLIOTECARIO DI ATENEO$2UONSI 912 $aUON00124951 950 $aSIBA - SISTEMA BIBLIOTECARIO DI ATENEO$dSI RARI SI VI G 001 $eSI SA 3327 7 001 996 $aText book on the Balochi Language, consisting of miscellaneous stories, legend, poems, and a Balochi-english vocabulary$91317714 997 $aUNIOR